Normal view
MARC view
- Arjouni, Jakob,
Entry Nombre Personal
001 - NUMERO DE CONTROL
- campo de control: 41548
003 - IDENTIFICADOR DE NUMERO DE CONTROL
- campo de control: UPN
005 - FECHA Y HORA DE LA ÜLTIMA TRANSACCIÓN
- campo de control: 20210219194609.0
008 - DATOS DE LONGITUD FIJA
- campo de control de longitud fija: nabaccnnaabn|||||||||| b |nc|||||d
035 ## - NUMERO DE CONTROL
- Número de control: UPN11000013655
040 ## - FUENTE DE CATALOGACIÓN
- Lenguaje de catalogación: SPA
- Agencia de transcripción: UPN
053 #4 - NÚMERO DE CLASIFICACIÓN LC
- Número de clasificación elemento-número único o número inicial de tramo: PT2661
- Número de clasificación número de tramo final del elemento: R4.6
100 1# - ENCABEZAMIENTO - NOMBRE PERSONAL
- Nombre personal: Arjouni, Jakob,
- Fechas asociadas con el nombre: 1964-2013
670 ## - FUENTE EN LA QUE SE LOCALIZARON DATOS
- Cita de la fuente: T
- Información localizada: https://en.wikipedia.org/wiki/Jakob_Arjouni
680 ## - NOTA PUBLICA DE ACCESO PÚBLICO
- Frase explicativa de la referencia: Escritor alemán
902 ## - CATALOGADOR
- Catalogador: BDV/02072018
